000
00305nam a22001457a 4500
003
OSt
005
20160727222347.0
008
160621b xxu||||| |||| 00| 0 eng d
040
_c
test
100
_9
276
_a
Paradise, P
245
_a
Rabbits
260
_a
N.Y
_b
N.Y
_c
599
300
_a
Rabbits
942
_2
ddc
_c
BK
999
_c
224
_d
224